Turkish Government News

Detalles Bibliográficos
Formato: eBook
Lenguaje:inglés
Publicado: Ankara: Plus Media Solutions, 2015 -
Materias:
Acceso en línea:Acceso restringido

MARC

LEADER 00000nam a22000007a 4500
005 2019102408288.0
007 cr|||| ||||
008 191024c20159999tr wr|w s|||| 0|||b1eng d
035 |a 23652 
040 |a vLex 
090 |c 9955  |d 9955 
245 0 0 |a Turkish Government News  |h [Recurso electrn̤ico] / 
256 |a Servicio en ln̕ea 
260 |a Ankara:  |b Plus Media Solutions,  |c 2015 - 
300 |a 1 recurso electrn̤ico 
310 |a Semanal 
506 1 |a Disponible solo en los productos indicados  |d vLex Global  |d vLex Global (Academic Edition, excluding Law Schools)  |d vLex Global (U.S. Academic Edition, Law Schools)  |d vLex Global (U.S. Academic Edition, excluding Law Schools)  |d vLex Global (Academic Edition, Law Schools) 
650 0 4 |a Materias no jurd̕icas  |z Turqua̕ 
740 0 |a vLex Revistas (Servicio en ln̕ea) 
856 4 0 |u http://vlex.com/source/23652  |z Acceso restringido 
942 |c REV 
999 0 |a Non-legal matters